000 00460cam a2200193ua 4500
001 3726
008 120209n ii |||gr||||Z||||||asm
020 _a81-7206-074-2
040 _cMAIN
082 _a891.4514
100 _aBora, Mahendra,
_eAuthor.
245 1 1 _aLaghu guru
_cby Mahendra Bora
250 _a1st.
260 _aDibrugarh:
_bBani Mandir,996.
300 _a337p:
_c23cm.
653 _aAssamese literature
653 _aLaghu guru
942 _cBK
999 _c3553
_d3553